The Gallant tailor / (Record no. 103474)
[ view plain ]
| 000 -LEADER | |
|---|---|
| fixed length control field | 00560nam a2200205 a 4500 |
| 005 - DATE AND TIME OF LATEST TRANSACTION | |
| control field | 20140412111302.0 |
| 008 - FIXED-LENGTH DATA ELEMENTS--GENERAL INFORMATION | |
| fixed length control field | 001120s19uu xx 00 eng d |
| 020 ## - INTERNATIONAL STANDARD BOOK NUMBER | |
| International Standard Book Number | 983-9072-25-0 |
| 050 ## - LIBRARY OF CONGRESS CALL NUMBER | |
| Classification number | ER |
| Item number | Ga11 1993 |
| 050 ## - LIBRARY OF CONGRESS CALL NUMBER | |
| Classification number | ER |
| Item number | Ga11 |
| 100 ## - MAIN ENTRY--PERSONAL NAME | |
| Personal name | Marican, Y. Mansoor |
| 245 ## - TITLE STATEMENT | |
| Title | The Gallant tailor / |
| Statement of responsibility, etc | illustrated by Linda Worral ; by Y. Mansoor Marican. |
| 260 ## - PUBLICATION, DISTRIBUTION, ETC. (IMPRINT) | |
| Place of publication, distribution, etc | Kuala Lumpur : |
| Name of publisher, distributor, etc | MECRON, |
| Date of publication, distribution, etc | 1993. |
| 300 ## - PHYSICAL DESCRIPTION | |
| Extent | 1 v. (unp.) |
| 440 ## - SERIES STATEMENT/ADDED ENTRY--TITLE | |
| Title | MECRON well-loved tales |
| 650 ## - SUBJECT ADDED ENTRY--TOPICAL TERM | |
| Topical term or geographic name as entry element | Folktales |
| 650 ## - SUBJECT ADDED ENTRY--TOPICAL TERM | |
| Topical term or geographic name as entry element | Reading |
| Withdrawn status | Lost status | Damaged status | Use restrictions | Home library | Current library | Shelving location | Date acquired | Source of acquisition | Total Checkouts | Full call number | Barcode | Date last seen | Price effective from | Koha item type |
|---|---|---|---|---|---|---|---|---|---|---|---|---|---|---|
| Elizalde Library | Elizalde Library | Easy Reading Section | 11/20/2000 | ER Ga11 1993 | E4950 | 04/12/2014 | 04/12/2014 | Books | ||||||
| Elizalde Library | Elizalde Library | Easy Reading Section | 04/02/2001 | ER Ga11 | E6992 | 04/12/2014 | 04/12/2014 | Books |